00763nam a2200145 a 4500008004100000050001500041100001700056245016800073260009500241350000900336650004100345995009500386999001700481952011900498100512s2009 ||||||||||||||||| || u aTHESIS/MBA aNgosa, David14aThe impact of HIV and AIDS on health care management and delivery system on the Copperbelt: the case of Kitwe Central Hospital and Kitwe District Health Management aKitwebCopperbelt University, School of Business, Department of Postgraduate studiesc2009 a0.00 aHIV/AIDS PREVENTION AND CARE--ZAMBIA D0.00FCBU-MAIN LIBRARY (Kitwe)H1I0.00M1UAVAILABLEWMay 12, 2010ZUniversity Collection c46284d46284 00102lcc4070a001b001cUniversity Collectiond2022-11-30l0oTHESIS/MBAp03006316r2022-11-30w2022-11-30y002